| 000 | 00487nam a22001697a 4500 | ||
|---|---|---|---|
| 999 |
_c17741 _d17741 |
||
| 008 | 190510b xxu||||| |||| 00| 0 eng d | ||
| 020 | _a1292157593 | ||
| 040 |
_aKABU _cKABU |
||
| 050 |
_aTX911.3 _b.W35 2017 c. 1 |
||
| 100 | _aWalker, John R. | ||
| 245 | _aIntroduction to Hospitality Management | ||
| 250 | _a7th ed. | ||
| 260 |
_aEngland _bPearson Education Limited _c2017 |
||
| 300 | _a653 p. | ||
| 650 |
_aHospitality industry _xManagement |
||
| 942 |
_2lcc _cBK _hTX911.3 |
||